000 00517 a2200205 4500
005 20260314094822.0
008 260313b |||||||| |||| 00| 0 eng d
020 _a9789350029052
_cRs. 795.00
040 _aMAIN
082 _a305.51220954
_bM726C
100 _aMohanty, Manoranjan, ed.
245 _aClass, caste, gender
260 _bAakar Books
_aDelhi
_c2024
300 _a439
650 _aSocialogy
650 _aCaste Groups
650 _aSocial Classes
650 _aCaste System-India
942 _cBK
999 _c394684
_d394684